000 00586nam a22001817a 4500
005 20250710121924.0
010 _aENG-132219 ENG-145901
020 _a9788194954705
_c499.00
035 _aEN-115751 EN-129433
037 _bDBAD
082 _a370.1
100 _aPartho
_982889
245 _aIntegral Education Beyond Schooling/
_cPartho
260 _aNoida
_bBluOne India LLP
_c2021
270 _a306, Tower-I, Assotech Busness Cresterra, Plot No. 22, Sector 135
_bNoida
_mpublisher@bluone.ink
300 _a331p.
_bIndex
_c22cm(pbk)
942 _2ddc
_cEN
_mPAR
_h370.1
999 _c187142
_d187142